000 01181nam0a22002531 4500
001 rc\4762515
005 20260407151716.0
021 _aRU
_b[58-61713]
035 _a(NLR Aleph) 009017911
090 _a9409585
_c9409585
100 _a20130417d1958 |||y0rusy50 ca
101 0 _arus
102 _aRU
105 _ay z |||||
200 1 _aТезисы докладов
_fМ-во высш. образования УССР. Харьк. инж.-строит. ин-т. Межвузовское науч. совещание по вопросам улучшения эксплуатационных качеств зданий
210 _aХарьков
_cБ. и.
_d1958
215 _a31 с.
_d20
606 _aЗдания и постройки
_xЭксплуатационные качества
_jТезисы докладов
_2psbo
710 1 2 _aМежвузовское научное совещание по вопросам улучшения эксплуатационных качеств зданий
_f1958
_eХарьков
_3RU\NLR\AUTH\8810091706
_9684675
801 0 _aRU
_bNLR
_gpsbo
801 1 _aRU
_bELAR
_2rusmarc
852 _aNLR
_j58-4/16889
942 _cBOOK
980 _aNB